Normal view
MARC view
- Electrical ( Telecom) - MS Thesis
Entry Personal Name
001 - CONTROL NUMBER
- control field: 15685
003 - CONTROL NUMBER IDENTIFIER
- control field: NUST
005 - DATE AND TIME OF LATEST TRANSACTION
- control field: 20190627053545.0
008 - FIXED-LENGTH DATA ELEMENTS
- fixed length control field: 190627|| aca||aabn | a|a d
040 ## - CATALOGING SOURCE
- Original cataloging agency: NUST
- Transcribing agency: NUST
100 ## - HEADING--PERSONAL NAME
- Personal name: Electrical ( Telecom) - MS Thesis
670 ## - SOURCE DATA FOUND
- Source citation: Work cat.: (NUST): Faiz Khalid 15684, COMPACT ULTRA-WIDE BAND MULTIPLE INPUT MULTIPLE OUTPUT ANTENNA /, 2017.
